000 00773cab a2200241 4500
001 ABS58668
008 090401t1998 xxu||||| |||| 00| 0 eng d
035 _a(Sirsi) u86616
041 _aeng
100 _aKlein, R.
245 _aMaking limitation fair
260 _c1998
350 _a0
490 _aBuilding
_v263(8040) 22 may 1998, 42-43(2)
520 _aReviews the Law Commission`s views on how long contractors, specialists and consultants should be liable for defects in building projects, in its consultation document "Limitation of Actions".
650 _aDEFECTS LIABILITY
650 _aLATENT DEFECTS
650 _aLAW COMMISSION
650 _aTIME LIMITS
690 _aBUILT ENVIRONMENT-BUILDING PATHOLOGY
942 _n0
948 _c05/06/1998
999 _c54540
_d54540